| 000 | 00578nam a2200193Ia 4500 | ||
|---|---|---|---|
| 003 | GCL | ||
| 008 | 140319s9999 xx 000 0 ara d | ||
| 040 |
_aGCL / _cGCL |
||
| 082 | 0 | 4 |
_aط _b813.088 _bر أ |
| 100 | 1 | _aرزق هيبة | |
| 245 | 1 | 0 |
_aاسرى بدر عتاب وفداء / _cرزق هيبة |
| 300 | _a32 ص | ||
| 490 |
_aاطفالنا فى رحاب القران الكريم ايات وقصة _v0 |
||
| 650 | 0 | 4 | _aالاطفال |
| 650 | 0 | 4 | _aقصص الاطفال |
| 650 | 0 | 4 | _aالقصص الدينية |
| 650 | 0 | 4 | _aادب الاطفال |
| 942 |
_2ddc _cBK |
||
| 999 |
_c51405 _d51405 |
||